[Event "Stay Safe Play From Home 243"]
[Site "Emanuel Lasker Arena"]
[Date "2020.06.21"]
[Round "7"]
[White "Tvtower68"]
[Black "matanant"]
[Result "0-1"]
[WhiteElo "1762"]
[BlackElo "1812"]
[Annotator "NA RC"]
[PlyCount "66"]
[EventDate "2020.06.21"]
[EventType "swiss (blitz)"]

1. e4 {[%emt 0:00:01]} e5 {[%emt 0:00:04]} 2. Nf3 {[%emt 0:00:04]} d5 {[%emt 0:00:02]} 3. Nxe5 {[%emt 0:00:08]} Bd6 {[%emt 0:00:02]} 4. d4 {[%emt 0:00:01]} dxe4 {[%emt 0:00:01]} 5. Qh5 {[%emt 0:00:12]} Qe7 {[%emt 0:00:04]} 6. Bg5 {[%emt 0:00:11]} Nf6 {[%emt 0:00:04]} 7. Bxf6 {[%emt 0:00:05]} Qxf6 {[%emt 0:00:02]} 8. Nc3 {[%emt 0:00:05]} Bf5 {[%emt 0:00:04]} 9. Bc4 {[%emt 0:00:26]} O-O {[%emt 0:00:12]} 10. Nxf7 {[%emt 0:00:11]} Rxf7 {[%emt 0:00:02]} 11. Bxf7+ {[%emt 0:00:02]} Qxf7 {[%emt 0:00:02]} 12. Qxf7+ {[%emt 0:00:01]} Kxf7 {[%emt 0:00:01]} 13. O-O {[%emt 0:00:02]} c6 {[%emt 0:00:02]} 14. Rfe1 {[%emt 0:00:02]} Bb4 {[%emt 0:00:02]} 15. Re3 {[%emt 0:00:03]} Bxc3 {[%emt 0:00:03]} 16. Rxc3 {[%emt 0:00:02]} Nd7 {[%emt 0:00:01]} 17. h3 {[%emt 0:00:01]} Nb6 {[%emt 0:00:02]} 18. g4 {[%emt 0:00:03]} Bg6 {[%emt 0:00:03]} 19. Re1 {[%emt 0:00:04]} Nd5 {[%emt 0:00:03]} 20. Rb3 {[%emt 0:00:03]} b6 {[%emt 0:00:01]} 21. c4 {[%emt 0:00:01]} Nf4 {[%emt 0:00:04]} 22. Kh2 {[%emt 0:00:05]} Rd8 {[%emt 0:00:16]} 23. f3 {[%emt 0:00:04]} Rxd4 {[%emt 0:00:04]} 24. Kg3 {[%emt 0:00:07]} Nd3 {[%emt 0:00:05]} 25. Re3 {[%emt 0:00:11]} Nc5 {[%emt 0:00:03]} 26. Ra3 {[%emt 0:00:05]} a5 {[%emt 0:00:03]} 27. b4 {[%emt 0:00:04]} axb4 {[%emt 0:00:03]} 28. Ra7+ {[%emt 0:00:01]} Kf6 {[%emt 0:00:07]} 29. fxe4 {[%emt 0:00:09]} Nxe4+ {[%emt 0:00:14]} 30. Kh4 {[%emt 0:00:06]} Be8 {[%emt 0:00:12]} 31. Rf3+ {[%emt 0:00:04]} Ke6 {[%emt 0:00:01]} 32. Rxg7 {[%emt 0:00:02]} h6 {[%emt 0:00:09]} 33. Rg6+ {[%emt 0:00:02]} Bxg6 {[%emt 0:00:02] Tvtower68 resigns (Lag: Av=0.61s, max=1.3s)} 0-1

[Event "Stay Safe Play From Home 243"]
[Site "Emanuel Lasker Arena"]
[Date "2020.06.21"]
[Round "7"]
[White "Timbre"]
[Black "Haris kollari 13"]
[Result "0-1"]
[WhiteElo "1696"]
[BlackElo "1880"]
[Annotator "NA RC"]
[PlyCount "162"]
[EventDate "2020.06.21"]
[EventType "swiss (blitz)"]

1. d4 {[%emt 0:00:15]} e6 {[%emt 0:00:01]} 2. Nf3 {[%emt 0:00:03]} d5 {[%emt 0:00:01]} 3. c3 {[%emt 0:00:01]} Bd6 {[%emt 0:00:02]} 4. Bg5 {[%emt 0:00:02]} f6 {[%emt 0:00:01]} 5. Bh4 {[%emt 0:00:01]} h5 {[%emt 0:00:02]} 6. Bg3 {[%emt 0:00:02]} Be7 {[%emt 0:00:02]} 7. h3 {[%emt 0:00:02]} Bd7 {[%emt 0:00:04]} 8. Qc2 {[%emt 0:00:02]} f5 {[%emt 0:00:05]} 9. Ne5 {[%emt 0:00:02]} Bf6 {[%emt 0:00:02]} 10. Nxd7 {[%emt 0:00:05]} Nxd7 {[%emt 0:00:01]} 11. e3 {[%emt 0:00:01]} g5 {[%emt 0:00:01]} 12. Nd2 {[%emt 0:00:05]} Nb6 {[%emt 0:00:04]} 13. Be2 {[%emt 0:00:03]} Qd7 {[%emt 0:00:08]} 14. a3 {[%emt 0:00:09]} O-O-O {[%emt 0:00:02]} 15. Nf3 {[%emt 0:00:03]} Ne7 {[%emt 0:00:08]} 16. Be5 {[%emt 0:00:05]} Bxe5 {[%emt 0:00:13]} 17. Nxe5 {[%emt 0:00:02]} Qe8 {[%emt 0:00:01]} 18. a4 {[%emt 0:00:10]} Ng6 {[%emt 0:00:02]} 19. Nd3 {[%emt 0:00:08]} Nd7 {[%emt 0:00:03]} 20. b4 {[%emt 0:00:06]} Qe7 {[%emt 0:00:03]} 21. Nc5 {[%emt 0:00:03]} Nxc5 {[%emt 0:00:01]} 22. bxc5 {[%emt 0:00:02]} c6 {[%emt 0:00:01]} 23. a5 {[%emt 0:00:03]} a6 {[%emt 0:00:01]} 24. Rb1 {[%emt 0:00:06]} g4 {[%emt 0:00:02]} 25. hxg4 {[%emt 0:00:04]} hxg4 {[%emt 0:00:01]} 26. Rg1 {[%emt 0:00:02]} Rh2 {[%emt 0:00:04]} 27. c4 {[%emt 0:00:11]} Rdh8 {[%emt 0:00:03]} 28. cxd5 {[%emt 0:00:04]} Rh1 {[%emt 0:00:04]} 29. Kd2 {[%emt 0:00:05]} Rxg1 {[%emt 0:00:02]} 30. Rxg1 {[%emt 0:00:03]} cxd5 {[%emt 0:00:11]} 31. c6 {[%emt 0:00:06]} Qb4+ {[%emt 0:00:03]} 32. Kd1 {[%emt 0:00:05]} Kb8 {[%emt 0:00:04]} 33. cxb7 {[%emt 0:00:05]} Qxa5 {[%emt 0:00:08]} 34. Qb2 {[%emt 0:00:12]} Rd8 {[%emt 0:00:17]} 35. Bd3 {[%emt 0:00:02]} Rd7 {[%emt 0:00:11]} 36. Ke2 {[%emt 0:00:12]} Rxb7 {[%emt 0:00:02]} 37. Qc2 {[%emt 0:00:02]} Qb4 {[%emt 0:00:10]} 38. Rc1 {[%emt 0:00:11]} Ne7 {[%emt 0:00:06]} 39. Bxa6 {[%emt 0:00:11]} Rb6 {[%emt 0:00:01]} 40. Bd3 {[%emt 0:00:05]} Qb2 {[%emt 0:00:06]} 41. Qxb2 {[%emt 0:00:06]} Rxb2+ {[%emt 0:00:01]} 42. Rc2 {[%emt 0:00:01]} Rxc2+ {[%emt 0:00:01]} 43. Bxc2 {[%emt 0:00:02]} Kc7 {[%emt 0:00:00]} 44. f3 {[%emt 0:00:02]} gxf3+ {[%emt 0:00:04]} 45. gxf3 {[%emt 0:00:01]} Nc6 {[%emt 0:00:02]} 46. Kd3 {[%emt 0:00:03]} Kd6 {[%emt 0:00:05]} 47. e4 {[%emt 0:00:01]} f4 {[%emt 0:00:09]} 48. e5+ {[%emt 0:00:08]} Ke7 {[%emt 0:00:01]} 49. Kc3 {[%emt 0:00:03]} Kf7 {[%emt 0:00:03]} 50. Ba4 {[%emt 0:00:03]} Ne7 {[%emt 0:00:01]} 51. Bd7 {[%emt 0:00:04]} Nf5 {[%emt 0:00:01]} 52. Kd3 {[%emt 0:00:06]} Ke7 {[%emt 0:00:03]} 53. Bc8 {[%emt 0:00:04]} Ne3 {[%emt 0:00:10]} 54. Bb7 {[%emt 0:00:06]} Nf5 {[%emt 0:00:11]} 55. Bc8 {[%emt 0:00:02]} Ng7 {[%emt 0:00:01]} 56. Bb7 {[%emt 0:00:01]} Kf7 {[%emt 0:00:01]} 57. Bc8 {[%emt 0:00:02]} Kg6 {[%emt 0:00:01]} 58. Bd7 {[%emt 0:00:03]} Kg5 {[%emt 0:00:01]} 59. Ke2 {[%emt 0:00:01]} Kh4 {[%emt 0:00:04]} 60. Kf2 {[%emt 0:00:01]} Kg5 {[%emt 0:00:04]} 61. Ke2 {[%emt 0:00:01]} Kf5 {[%emt 0:00:02]} 62. Kd3 {[%emt 0:00:02]} Nh5 {[%emt 0:00:01]} 63. Ke2 {[%emt 0:00:03]} Ng3+ {[%emt 0:00:01]} 64. Kf2 {[%emt 0:00:02]} Nh1+ {[%emt 0:00:02]} 65. Kg2 {[%emt 0:00:01]} Ng3 {[%emt 0:00:01]} 66. Kf2 {[%emt 0:00:01]} Nh5 {[%emt 0:00:01]} 67. Kg2 {[%emt 0:00:01]} Ng7 {[%emt 0:00:03]} 68. Kf2 {[%emt 0:00:01]} Kg6 {[%emt 0:00:01]} 69. Bc8 {[%emt 0:00:02]} Kf7 {[%emt 0:00:01]} 70. Bd7 {[%emt 0:00:01]} Nf5 {[%emt 0:00:01]} 71. Ke2 {[%emt 0:00:03]} Nxd4+ {[%emt 0:00:01]} 72. Kf2 {[%emt 0:00:04]} Ke7 {[%emt 0:00:02]} 73. Ba4 {[%emt 0:00:02]} Nf5 {[%emt 0:00:02]} 74. Bc2 {[%emt 0:00:02]} Nh6 {[%emt 0:00:02]} 75. Ke2 {[%emt 0:00:01]} Nf7 {[%emt 0:00:01]} 76. Kd3 {[%emt 0:00:03]} Nxe5+ {[%emt 0:00:01]} 77. Ke2 {[%emt 0:00:01]} Kf6 {[%emt 0:00:03]} 78. Bb3 {[%emt 0:00:01]} Nd7 {[%emt 0:00:05]} 79. Ba4 {[%emt 0:00:02]} Nc5 {[%emt 0:00:01]} 80. Bc2 {[%emt 0:00:02]} e5 {[%emt 0:00:01]} 81. Bb1 {[%emt 0:00:02]} Ke6 {[%emt 0:00:01] Time (Lag: Av=0.33s, max=0.7s)} 0-1

[Event "Stay Safe Play From Home 243"]
[Site "Emanuel Lasker Arena"]
[Date "2020.06.21"]
[Round "7"]
[White "Tunca"]
[Black "Galatasaray01"]
[Result "1-0"]
[WhiteElo "1643"]
[BlackElo "1312"]
[Annotator "NA RC"]
[PlyCount "51"]
[EventDate "2020.06.21"]
[EventType "swiss (blitz)"]

1. e4 {[%emt 0:00:02]} e5 {[%emt 0:01:06]} 2. f4 {[%emt 0:00:02]} Nc6 {[%emt 0:00:04]} 3. Nf3 {[%emt 0:00:01]} Qe7 {[%emt 0:00:12]} 4. Nc3 {[%emt 0:00:04]} d6 {[%emt 0:00:05]} 5. Bc4 {[%emt 0:00:01]} Be6 {[%emt 0:00:05]} 6. Nd5 {[%emt 0:00:23]} Bxd5 {[%emt 0:00:07]} 7. Bxd5 {[%emt 0:00:00]} O-O-O {[%emt 0:00:04]} 8. Ng5 {[%emt 0:00:29]} Re8 {[%emt 0:00:45]} 9. Nxf7 {[%emt 0:00:07]} Nf6 {[%emt 0:00:02]} 10. Bxc6 {[%emt 0:00:09]} bxc6 {[%emt 0:00:05]} 11. Nxh8 {[%emt 0:00:03]} Nxe4 {[%emt 0:00:03]} 12. O-O {[%emt 0:00:09]} Qh4 {[%emt 0:00:11]} 13. fxe5 {[%emt 0:00:12]} dxe5 {[%emt 0:00:07]} 14. c3 {[%emt 0:00:51]} Bc5+ {[%emt 0:00:03]} 15. d4 {[%emt 0:00:01]} exd4 {[%emt 0:00:02]} 16. cxd4 {[%emt 0:00:01]} Bd6 {[%emt 0:00:17]} 17. g3 {[%emt 0:00:52]} Bxg3 {[%emt 0:00:20]} 18. Qc2 {[%emt 0:00:06]} Rxh8 {[%emt 0:00:26]} 19. hxg3 {[%emt 0:00:03]} Qxg3+ {[%emt 0:00:03]} 20. Qg2 {[%emt 0:00:02]} Qd6 {[%emt 0:00:13]} 21. Qxe4 {[%emt 0:00:03]} h5 {[%emt 0:00:12]} 22. Bf4 {[%emt 0:00:04]} Qb4 {[%emt 0:00:09]} 23. Qe6+ {[%emt 0:00:05]} Kb7 {[%emt 0:00:02]} 24. Be5 {[%emt 0:00:07]} Qxb2 {[%emt 0:00:07]} 25. Rab1 {[%emt 0:00:01]} Qxb1 {[%emt 0:00:08]} 26. Rxb1+ {[%emt 0:00:00] Galatasaray01 terk eder (Lag: Av=0.97s, max=1.8s)} 1-0

[Event "Stay Safe Play From Home 243"]
[Site "Emanuel Lasker Arena"]
[Date "2020.06.21"]
[Round "7"]
[White "Skmishra"]
[Black "Bishop91"]
[Result "0-1"]
[WhiteElo "1139"]
[BlackElo "1636"]
[Annotator "NA RC"]
[PlyCount "44"]
[EventDate "2020.06.21"]
[EventType "swiss (blitz)"]

1. e4 {[%emt 0:00:03]} e5 {[%emt 0:00:02]} 2. Nf3 {[%emt 0:00:02]} Nc6 {[%emt 0:00:01]} 3. Bc4 {[%emt 0:00:03]} Nf6 {[%emt 0:00:04]} 4. Ng5 {[%emt 0:00:06]} d5 {[%emt 0:00:23]} 5. exd5 {[%emt 0:00:04]} Na5 {[%emt 0:00:06]} 6. Bb5+ {[%emt 0:00:06]} c6 {[%emt 0:00:02]} 7. dxc6 {[%emt 0:00:03]} bxc6 {[%emt 0:00:00]} 8. Ba4 {[%emt 0:00:14]} Bc5 {[%emt 0:00:16]} 9. O-O {[%emt 0:00:26]} O-O {[%emt 0:00:05]} 10. c3 {[%emt 0:00:03]} h6 {[%emt 0:00:02]} 11. Nf3 {[%emt 0:00:13]} e4 {[%emt 0:00:08]} 12. Ne1 {[%emt 0:00:07]} Ba6 {[%emt 0:00:01]} 13. d3 {[%emt 0:00:22]} exd3 {[%emt 0:00:06]} 14. Bd2 {[%emt 0:00:02]} Re8 {[%emt 0:00:37]} 15. b4 {[%emt 0:00:03]} Bxf2+ {[%emt 0:00:13]} 16. Rxf2 {[%emt 0:00:02]} Ne4 {[%emt 0:00:08]} 17. bxa5 {[%emt 0:00:31]} Nxf2 {[%emt 0:00:04]} 18. Kxf2 {[%emt 0:00:03]} Qf6+ {[%emt 0:00:00]} 19. Kg1 {[%emt 0:00:05]} Re2 {[%emt 0:00:03]} 20. Nf3 {[%emt 0:00:14]} g5 {[%emt 0:00:09]} 21. Nd4 {[%emt 0:00:04]} Qf2+ {[%emt 0:00:02]} 22. Kh1 {[%emt 0:00:13]} Qxg2# {[%emt 0:00:00] (Lag: Av=0.71s, max=1.4s)} 0-1